000 00524nam a2200205Ia 4500
008 170918s9999 xx 000 0 und d
020 _a9780439120289
050 _bS378 1999
100 _aSchreiber, Anne
245 _aRob's shop /
245 _cAnne Schreiber ; illustrated by Cynthia Fisher.
260 _aNew York :
260 _bScholastic,
260 _c1999
300 _a15 pages :
300 _bcolored illustration ;
300 _c19cm.
440 _aScholastic phonics boosted books.
500 _aBR
999 _c340939
_d340939